00941nam a2200229Ia 4500001000700000008004100007020002200048082001600070110006600086245008000152260002000232300001100252500011800263503002100381504005100402650002600453650003600479650003100515650004500546650002200591710009800613Z_6383220601s9999 xx 000 0 und d a978-92-9248-398-2 a634.304 I33 aInstituto Interamericano de Cooperación para la Agricultura aEvaluación de HLB 2008, 2009 y 2010 / IICA, SAGARPA, SENASICA, CEF-Profit aMéxico : IICA a127 p. aEsta publicación tambien esta disponible en formato electrónico (PDF) en el sito web en http.//www.iica. int. aej.1: Donación aBibliografía: p. 122 - 127, Incluye índice a1. Frutos cítricos  aFruticultura - Investigación  aCítricos - Enfermedades  aCítricos - Enfermedades por bacterias  aControl de plagas aInstituto Interamericano de Cooperación para la Agricultura (IICA) \ SAGARPA \ SENASICAÌ